Vainqueurs de la EFL League Two Play-off - Statistiques

Statistiques générales
  • Ce quiz a été pris 35 fois
  • Le résultat moyen est 15 sur 39
Statistiques - réponses
Saison Vainqueur % Correct
2006-2007 Bristol Rovers
100%
1991-1992 Blackpool
80%
2000-2001 Blackpool
80%
2016-2017 Blackpool
80%
2023-2024 Crawley Town
80%
2002-2003 Bournemouth
60%
1994-1995 Chesterfield
60%
1997-1998 Colchester United
60%
2011-2012 Crewe Alexandra
60%
1995-1996 Plymouth Argyle
60%
2015-2016 AFC Wimbledon
40%
2024-2025 AFC Wimbledon
40%
1986-1987 Aldershot
40%
1989-1990 Cambridge United
40%
2001-2002 Cheltenham Town
40%
2005-2006 Cheltenham Town
40%
2017-2018 Coventry City
40%
2009-2010 Dagenham & Redbridge
40%
2003-2004 Huddersfield Town
40%
1988-1989 Leyton Orient
40%
2020-2021 Morecambe
40%
2021-2022 Port Vale
40%
2007-2008 Stockport County
40%
1987-1988 Swansea City
40%
1993-1994 Wycombe Wanderers
40%
2012-2013 Bradford City
20%
2022-2023 Carlisle United
20%
2008-2009 Gillingham
20%
1996-1997 Northampton Town
20%
2019-2020 Northampton Town
20%
1999-2000 Peterborough United
20%
1998-1999 Scunthorpe United
20%
1990-1991 Torquay United
20%
1992-1993 York City
20%
2013-2014 Fleetwood Town
0%
2004-2005 Southend United
0%
2014-2015 Southend United
0%
2010-2011 Stevenage
0%
2018-2019 Tranmere Rovers
0%
Aucun quiz correspondant
Distribution des résultats
% des personnes avec chaque résultat
Percentile par nombre de réponses
Votre historique - résultats
Vous n’avez pas pris ce quiz